000 00606nam a2200193Ia 4500
005 20250508170031.0
008 008 250505s9999 xx 000 0 eng d
020 _a978-93-327-0455-8
037 _aTheses
040 _aFEDL
_beng
_cFEDL
041 _aeng
_2eng
084 _a370.7, KUS/TH
_qFEDL
100 _aKushwaha Archana
_9553450
245 0 _aUnderstanding teacher learning during internship on a teacher eduction programme in India
300 _aii, 299p.
546 _aPh.D Thesis (Delhi University); C D Included
942 _cTH
_h370.7, KUS/TH
999 _c1398814
_d1398814